Statistics for Military Acronyms "A-Z"

Click here to take the quiz!

General Stats

  • This quiz has been taken 501 times
  • The average score is 6 of 26

Answer Stats

ACRONYMANSWER% Correct
KIAKILLED IN ACTION
82%
MREMEAL READY TO EAT
67%
FOBFORWARD OPERATING BASE
46%
UAVUNMANNED AERIAL VEHICLE
38%
WMDWEAPONS OF MASS DESTRUCTION
32%
DEFCONDEFENSE CONDITION
31%
XOEXECUTIVE OFFICER
29%
EODEXPLOSIVE ORDINANCE DISPOSAL
29%
RPGROCKET PROPELLED GRENADE
27%
VTOLVERTICAL TAKE OFF AND LANDING
27%
AAAANTI AIRCRAFT ARTILLERY
22%
CACCOMMON ACCESS CARD
21%
GWOTGLOBAL WAR ON TERROR
21%
YTDYEAR TO DATE
20%
PFTPHYSICAL FITNESS TEST
17%
BUDSBASIC UNDERWATER DEMOLITION SEAL
15%
ID-10-TANGOIDIOT
14%
OPOBSERVATION POST
12%
QRFQUICK REACTION FORCES
11%
SERESURVIVAL EVASION RESISTANCE ESCAPE
11%
HMMWVHIGH MOBILITY MULTIPURPOSE WHEELED VEHICLE
5%
LCACLANDING CRAFT AIR CUSHION
5%
TDYTEMPORARY DUTY
5%
ZULUGREENWICH MEANTIME
3%
NODNIGHT OPTICS DEVICE
2%
JSTARSJOINT SURVEILLANCE AND TARGET ATTACK RADAR SYSTEM
0%

Score Distribution

Percentile by Number Answered

Percent of People with Each Score

Your Score History

You have not taken this quiz